000 00627nam a22001937a 4500
005 20251108172224.0
008 250721s1988 xx 000 0 ara d
082 1 4 _aط/211.95/محا
100 1 _aالمحامي، محمد كامل حسن
245 1 0 _aساره :
_bأجمل نساء الأرض /
264 1 _aبيروت :
_bمنشورات المكتب العالمي للنشر،
_c1988.
300 _a127ص
490 0 _aقصص من القرآن الكريم
650 1 7 _aالقرآن الكريم
650 1 7 _aالقصص
653 _aناشئون صغار (10-14) سنة
942 _2ddc
_cBK
999 _c73509
_d73509